Lenguaje y comunicación 1º Básico: cuaderno de escritura para el estudiante

Guardat en:
Dades bibliogràfiques
Autors principals: Valdivieso Lacassie, Francisca (Autor), Fuenzalida Neckelmann, Paula (Autor)
Format: Llibre
Idioma:espanyol
Publicat: Santiago Mare Nostrum 2005
Edició:2a. ed
Matèries:
Etiquetes: Afegir etiqueta
Sense etiquetes, Sigues el primer a etiquetar aquest registre!

MARC

LEADER 00000nam a2200000 a 4500
001 UCK7879
003 CL-VaPUC
008 051230e20050000CL |||||||||||||||||spa|d
020 |a 9562940683 
082 0 4 |a 372.6  |b VAL  |2 21 
100 0 |a Valdivieso Lacassie, Francisca  |e author  |9 497566 
700 0 |a Fuenzalida Neckelmann, Paula  |e author  |9 497567 
245 1 0 |a Lenguaje y comunicación 1º Básico: cuaderno de escritura para el estudiante 
250 |a 2a. ed 
300 |a 119 p 
942 |c BK 
945 |d 20051230 00:00:00  |a cmena 
260 |a Santiago  |b Mare Nostrum  |c 2005 
650 0 |a Educación básica   |9 224933 
650 0 |a Educación lingüística  |9 306506 
650 0 |a Métodos de enseñanza  |9 270413 
650 0 |a Libros de texto  |9 270019 
650 0 |a Enseñanza de la lectura  |9 308364 
650 0 |a Enseñanza de la escritura  |9 307377 
583 |a last modification  |c 20170816 01:10:42  |k Rodrigo Vera 
999 |c 315717  |d 315715 
952 |0 0  |1 0  |4 0  |6 372_600000000000000_VAL_2005  |7 0  |8 P  |9 389361  |a BIBEDU  |b BIBEDU  |d 2019-11-22  |i 4248821  |o 372.6 VAL 2005  |p 4248821  |r 2019-11-22  |w 2019-11-22  |y BK  |k EBA 
952 |0 0  |1 0  |4 0  |6 372_600000000000000_VAL_2005  |7 0  |8 P  |9 389362  |a BIBEDU  |b BIBEDU  |c BIBEDU_PB  |d 2019-11-22  |i 424883K  |o 372.6 VAL 2005  |p 424883K  |r 2024-01-25  |w 2019-11-22  |y BK  |k EBA 
952 |0 0  |1 0  |4 0  |6 372_600000000000000_VAL_2005  |7 0  |8 P  |9 389363  |a BIBEDU  |b BIBEDU  |d 2019-11-22  |i 4248848  |o 372.6 VAL 2005  |p 4248848  |r 2019-11-22  |w 2019-11-22  |y BK  |k EBA